000 00693cab a2200217 4500
001 ABS54470
008 090401t1996 xxu||||| |||| 00| 0 eng d
035 _a(Sirsi) u10590
041 _aeng
100 _aSaunders-Williams, J.
245 4 _aThe contract with eyes on Latham
260 _c1996
350 _a0
490 _aConstruction Manager
_v2(2) February 1996, 25-26(2)
520 _aAn examination of the Engineering and Construction Contract, and how it fits with Latham`s recommendations.
650 _aENGINEERING AND CONSTRUCTION CONTRACT
650 _aNEW ENGINEERING CONTRACT
690 _aBUILT ENVIRONMENT-BUILDING CONTRACT FORMS
942 _n0
948 _c04/03/1997
999 _c6702
_d6702